| 000 | 00848nam a2200253Ia 4500 | ||
|---|---|---|---|
| 003 | OSt | ||
| 005 | 20220930091026.0 | ||
| 006 | a|||||r|||| 00| 0 | ||
| 007 | ta | ||
| 008 | 220926b |||||||| |||| 00| 0 eng d | ||
| 024 | _a3374 | ||
| 037 | _cTheses | ||
| 040 |
_aCRL _cCRL _beng |
||
| 041 |
_2eng _aeng |
||
| 100 |
_aJain Namita _9544495 |
||
| 110 |
_aUniversity of Delhi. Faculty of Medical Sciene. Department of Obsterics and Gyneocology _9544496 |
||
| 245 | 0 | _aSerum homocysteine and folate as a predictor of materno fetal outcome in preeclamptic women | |
| 260 | _c2012 | ||
| 650 | _aWOMEN - DISEASES | ||
| 700 |
_a Abha Singh Gu. _9544497 |
||
| 700 |
_aUniversity of Delhi. Faculty of Medical Sciene. Department of Obsterics and Gyneocology _9544498 |
||
| 942 |
_cDIS _2CC |
||
| 999 |
_c881519 _d881519 |
||